Quizzes
Events
Quiz Creation
Community
Videos
Private Events
Remove Ads
Sign In
Join for FREE
Feedback
Dark Mode
Quiz Categories
Sports
Geography
Music
Movies
Television
Just For Fun
Miscellaneous
History
Literature
Language
Science
Gaming
Entertainment
Religion
Holiday
For Kids
Quiz Lab
Recent
Popular Today
Quiz Kudos Today
Editor Picks
Curator Picks
Quizzes by...
Day
Popularity
Type
Ratings
Length
Year
Community
Subscriptions
Recent Discussions
Orange Saloon
Badges
Playlists
Quests
Create
Leaderboards
Showdown
Live 5
Trivia Bingo
Activity
Puzzle Library
Sporcle Events
Private Events
Virtual Trivia
Globe League
Become a Host
Pub Owners
SporcleCon
Opinionation
Our Games
Videos
Blog
Mobile Apps
Partnerships
Remove Ads and Go Orange
Feedback
Television
TV Characters
TV Show
Sitcom
Network
Friends
Reality Shows
Cast
South Park
Star Trek
The Simpsons
Doctor Who
Television
TV Characters
TV Show
Sitcom
Network
Friends
Reality Shows
Cast
South Park
Star Trek
The Simpsons
Doctor Who
Random Quiz
Search Sporcle
×
Quiz Lab
Quiz Lab
Television
bbc
Type in answers that appear in a list
Type in answers that appear in a list
Classic
Best Score? Go Orange.
Malcolm Tuckerisms Stats
Can you name the words missing from these quotes by The Thick of It's Malcolm Tucker?
By
RioMadeira
4m
20 Questions
698 Plays
698 Plays
698 Plays
Comments
Comments
Give Quiz Kudos
Give Quiz Kudos
-
- Ratings
hide this ad
Random Order
Randomize order of answers
Randomize order of answers
Replay
Link that replays current quiz
Next Quiz
Link to next quiz in quiz playlist
You Got
0%
They Got
Avg Score
50%
Avg Friend Score
Upgrade to see
Score Distribution
Jump to the score distribution portion of the page
Score
0/20
Timer
04:00
0
Plays Today
Quote
Missing Word
% Correct
'Don't ever, ever call me a _
_
_
_
_
. I'm so much worse than that.'
bully
79.8%
'He's as useless as a _
_
_
_
_
_
_
_
dildo.'
marzipan
76.8%
'I'm likely to use an awful lot of what we would call _
_
_
_
_
_
_
_
_
_
_
_
_
_
_
_
_
_
_
_
, and I just wanted to check that neither of you would be terribly offended by that.'
violent sexual imagery
69.2%
'I've got a to-
do list that's longer than a f-
-
king _
_
_
_
_
_
_
_
_
_
_
_
song.'
Leonard Cohen
66.5%
'...I will tear your f-
-
king skin off, I will wear it to your mother's birthday party, and I will rub your nuts up and down her leg whilst whistling _
_
_
_
_
_
_
f-
-
king _
_
_
_
_
_
, right?'
Bohemian Rhapsody
65.9%
'Doug Hayes is a massive _
_
_
_
_
_
_
_
. Again, not a reference to your daughter.'
abortion
64.5%
'I knew Malcolm F. Tucker, sir, and you are no Malcolm f-
-
king Tucker. You're not even Manchester's top Malcolm Tucker _
_
_
_
_
_
_
_
_
_
_
.'
tribute band
61.5%
'Don't touch that scarf! That's _
_
_
_
_
_
_
_
_
!'
Paul Smith
60.2%
'You hit the phone, right. I'll be with you in two shakes of a _
_
_
_
_
_
_
_
_
_
.'
crying baby
60%
'Feet off the furniture, you Oxbridge t-
-
t. You're not in a _
_
_
_
now.'
punt
56.2%
Quote
Missing Word
% Correct
'I'm really sorry. Don't be so offensive. I apologize for my friend's behaviour. Did you have a nice _
_
_
_
_
_
_
?'
Poofmas
48.3%
'There is a difference between allowing someone's natural _
_
_
_
_
_
_
_
_
_
_
to come through, and just exploiting it through camera work here!'
tittishness
47.4%
'Shut it! You're using all the minutes on my 'Talk until you get _
_
_
_
_
_
_
_
_
_
' tariff.'
head cancer
45%
'Indiana Murray and the _
_
_
_
_
_
_
_
_
_
_
_
_
_
_
_
_
_
_
. I like it.'
bum dildo of vengeance
41.1%
'Then you can go and live happily ever after on the planet of the _
_
_
_
_
_
_
_
_
_
.'
teddy bears
40.3%
'Sam! No _
_
_
_
_
_
_
_
_
_
_
_
_
!'
pissy biscuits
38.3%
'...you come after me because you can't arrest a _
_
_
_
_
_
_
_
, can you? You can't cuff a country.
land mass
27.4%
'Come on, you can't look a _
_
_
_
_
_
_
_
_
_
in the mouth.'
gift corpse
25.5%
'Let's get out there and let's f-
-
king kill them! Let's _
_
_
_
_
_
_
_
_
_
_
_
_
_
!'
set fire to tears
24.9%
'I have never seen anyone sweat so much in my entire life. And I've been in a sauna with _
_
_
_
_
_
_
_
_
!'
Pavarotti
19.1%
Quiz Playlist
Details
Report
Send in Message
Add To Playlist
Classic:
Type in answers that appear in a list
Random Order:
Randomize order of answers
Last Updated: Apr 4, 2017
Quiz Scoreboard
CHALLENGE
Sign Up to Join the Scoreboard
Show All
Scores
Hide
Comments
May contain spoilers
Recently Published
Presidents Visiting Landmarks
by Hejman
History
7m
An Introduction to Baseball
by treessimontrees
Sports
5m
Movies - When Are They Set?
by FPL_Elf
Movies
5m
More to Explore
Quiz From the Vault
Featured Blog Post
Where Did the Easter Bunny Come From?
hide this ad
You Might Also Like...
Tags
bbc
Today's Top Quizzes in Television
Browse Television
hide this ad
Today's Top Quizzes in bbc
Browse bbc
Top Contributed Quizzes in Television
1
5-to-1: The Simpsons Families
2
One Piece Logic Puzzle
3
5-to-1: Television Doctors
4
7-to-1: TV Show Settings
5
5-to-1: Streaming Originals
6
Survivor Logic Puzzle: Heroes vs. Villains
7
Survivor Seasons
8
Survivor Season by Logo
9
One Thing in Common: Television
10
Survivor Trivia
Explore More
Trending Topics
Kpop
Marvel
Disney
Harry Potter
NBA
Anime
Crossword
Song
Country
The Office
Pokémon
Puzzle
NFL
Soccer
WWE
hide this ad
More By:
RioMadeira
Quiz
Plays
Rating
Category
Featured
Created
Two-Word States and State Capitals
66,655
4.49
Geography
Jun 24, 2010
South Parkified Game of Thrones Characters
32,586
4.18
Television
Oct 13, 2014
Wardens of Westeros
21,520
4.16
Literature
Jan 13, 2014
ASOIAF: Birth Orders
10,807
4.21
Literature
May 29, 2016
Human Body Systems by Definition
9,174
4.36
Science
Sep 29, 2016
Go to Creator's Profile
Score Distribution
Quiz Creator Spotlight
RioMadeira
Follow
Send a Message
Quizzes Created
-
Created Quiz Play Count
-
More By This Creator
Popular Quizzes Today
1
Find the US States - No Outlines Minefield
2
Find the Countries of Europe - No Outlines Minefield
3
The Countries of the World
4
Find the US States
5
Popular People in 1961
6
US States
7
Risky Map Clicking: Biggest States A-Z
8
1-10 Letter E Words III
More Television Quizzes
Forgettable Shows: 1980s
Published
Trending Quizzes
Risky Map Clicking: Least Populous States A-Z
1-10 Letter G Words
1-10 Letter F Words
One Thing in Common: United Kingdom
Risky Map Clicking: Next State Alphabetically
Recently Updated
Leaping Animals
pecheneg
Reality TV Shows (A-Z)
bhenderson79
Rickey Henderson's Hall of Fame Teammates
pecheneg
Champions League XIs: Arsenal
pecheneg
Quick Pick: Celebrities in WWE's Hall of Fame
aduchscher
A-Z Keypad Blitz II
pecheneg
Multiple Oscar Actors
pecheneg
Mystery Phrase Blitz: Oscar 'Best Actors'
pecheneg
F. Scott Fitzgerald Novels
LTH
Pick 3 Villains
ddd62291
Trending Topics
Marvel
NBA
Harry Potter
Crossword
Anime
Disney
Kpop
Puzzle
WWE
Song
Pokémon
Country
Soccer
The Office
NFL
Your Account Isn't Verified!
In order to create a playlist on Sporcle, you need to verify the email address you used during registration. Go to your
Sporcle Settings
to finish the process.
Report this User
Report this user for behavior that violates our
Community Guidelines
.
Details:
Send Report
Go to the Sporcle.com Mobile Site →
Comments